000
00316nam a2200133Ia 4500
008
240624s9999 xx 000 0 und d
041
_a
eng
082
_a
332.1 BES
100
_a
BEST PHILIP
245
_a
IMPLEMENTING VALUE AT RISK
260
_c
1999
_a
ltd.,1999
300
_a
xiii, : 208p. ; 23cm.
365
_c
_b
27
999
_c
20698
_d
20698